000 00217nam a22000857a 4500
008 160718b xxu||||| |||| 00| 0 eng d
100 _93042
_aGoel D.K
245 _aAccountancy-XI
260 _aNew Delhi
_bAPC Publication
_c2011
999 _c2605
_d2605